000 00228nam a2200097Ia 4500
001 640499
005 20250826153448.0
008 250824s9999 xx 000 0 und d
245 0 _aŞAKACI KİTAP
_cMAVİSEL YENER
260 _bDOĞAN
999 _c640499
_d640499